History Quiz

Random History or Clickable Quiz

Tyrique review game Quiz Stats

 Plays Quiz not verified by Sporcle

Also try: 'N' in History
Challenge
Share
Tweet
Embed
Score 0/13 Timer 20:00
0 Plays Today
% Correct
muhammad
100%
the basis of buddhas teaching
87.5%
0.2%
87.5%
mediterranean sea
87.5%
england
87.5%
selling forgiveness for sins
83.3%
because they had the wealth from the commerce and trade of the middle ages
83.3%
shiva
75%
1790
75%
3rd-6th
62.5%
1400s
50%
753 bc
25%
539 bc
12.5%

You're not logged in!

Compare scores with friends on all Sporcle quizzes.
OR
Log In

You Might Also Like...

Show Comments

Extras

Created Apr 20, 2015ReportNominate
Tags:Clickable Quiz, review

Top Quizzes Today


Score Distribution

Your Account Isn't Verified!

In order to create a playlist on Sporcle, you need to verify the email address you used during registration. Go to your Sporcle Settings to finish the process.

Report this User

Report this user for behavior that violates our Community Guidelines.

Details: